| 000 | 01791nam a2200529 i 4500 | ||
|---|---|---|---|
| 001 | 44012 | ||
| 003 | KOSZ 005 | ||
| 005 | 20260417063320.0 | ||
| 008 | 040727s2004 pl f |001 0 pol | ||
| 015 | _aPB 2004/16362 | ||
| 020 | _a8373613897 | ||
| 035 | _a991024339669705066 | ||
| 035 | _a(PL-WaBN)b16641334-48omnis_nlop | ||
| 035 | _ab16641334 | ||
| 035 | _a(OCoLC)830622738 | ||
| 035 | _a(PL)b0000001664133 | ||
| 035 | _a(EXLNZ-48OMNIS_NETWORK)9910203147505606 | ||
| 040 |
_aWA N _cWA N _dKOSZ 005/HR |
||
| 041 | 0 |
_apol _heng |
|
| 046 | _k2002 | ||
| 080 | _a004.434 | ||
| 080 | _a004.774 | ||
| 080 | _a004.42 | ||
| 080 | _a(07) | ||
| 100 | 1 |
_aMojica, Jose _eAutor |
|
| 245 | 1 | 0 |
_aC# i ASP.NET : _bszybki start : błyskawiczny kurs tworzenia aplikacji WWW w języku C# / _cJose Mojica ; [tł. Wojciech Moch, Radosław Meryk]. |
| 246 | 1 |
_iTyt. oryg.: _aC# Web development with ASP.NET : _bvisual quickstart guide, _f2004 |
|
| 260 |
_aGliwice : _b"Helion", _ccop. 2004. |
||
| 300 |
_a452 s. ; _c24 cm. |
||
| 336 |
_2rdacontent _aTekst _btxt |
||
| 337 |
_2rdamedia _aBez urządzenia pośredniczącego _bn |
||
| 338 |
_2rdacarrier _aWolumin _bnc |
||
| 380 | _aKsiążki | ||
| 380 | _aPublikacje fachowe | ||
| 388 | _a2001- | ||
| 504 | _aIndeks. | ||
| 650 | 7 |
_aASP.NET (platforma programistyczna) _2DBN |
|
| 650 | 7 |
_aC# (język programowania) _2DBN |
|
| 655 | 7 |
_aPodręcznik _2DBN |
|
| 658 | _aInformatyka i technologie informacyjne | ||
| 700 | 1 |
_aMeryk, Radosław _eTłumaczenie |
|
| 700 | 1 |
_aMoch, Wojciech _eTłumaczenie |
|
| 710 | 2 |
_aHelion _4pbl |
|
| 856 |
_uhttp://koha.tu.koszalin.pl/cgi-bin/koha/opac-detail.pl?biblionumber=44012 _yKatalog online BPK |
||
| 942 |
_2UKD _cKS |
||
| 999 |
_c44012 _d44012 |
||